Milo Murphy's Law Characters - Statistics

General Stats
  • This quiz has been taken 23 times
  • The average score is 7 of 23
Answer Stats
Answer % Correct
Milo Murphy
100%
Sarah Murphy
56%
Balthazar Cavendish
50%
Martin Murphy
50%
Vinnie Dakota
50%
Diogee
39%
Bradley Nicholson
33%
Chad Van Coff
33%
Melissa Chase
33%
Mort Schaeffer
33%
Zack Underwood
33%
Amanda Lopez
28%
Mr. Block
28%
Brick
22%
Bridgette Murphy
22%
Savannah
22%
Eliot Decker
17%
Mr. Draco
17%
King Pistachion
11%
Tobias Trollhammer
11%
Lieutenant Tennant
6%
Orton Mahlson
6%
Zippy (The Worlds Fastest Koala)
0%
No matching quizzes found
Score Distribution
Percent of People with Each Score
Percentile by Number Answered
Your Score History
You have not taken this quiz